Cats of Neko Atsume - Statistics

General Stats
  • This quiz has been taken 229 times
    215 since last reset
  • The average score is 28 of 53
Answer Stats
Answer % Correct
Snowball
91%
Tubbs
80%
Peaches
78%
Smokey
68%
Apricot
66%
Shadow
66%
Spots
66%
Frosty
59%
Jeeves
59%
Lady Meow-Meow
59%
Sunny
59%
Fred
58%
Ganache
58%
Sapphire
57%
Tabitha
56%
Speckles
55%
Billy the Kitten
54%
Socks
54%
Callie
53%
Mr. Meowgi
53%
Pepper
53%
Spooky
53%
Ms. Fortune
52%
Pumpkin
52%
Patches
51%
Breezy
50%
Gozer
50%
Joe DiMeowgio
50%
Lexy
50%
Marshmallow
50%
Misty
50%
Sassy Fran
50%
Spud
50%
Bandit
49%
Chairman Meow
49%
Gabriel
49%
Guy Furry
49%
Pickles
49%
Bob the Cat
48%
Princess
48%
Xerxes IX
48%
Ramses the Great
47%
Ginger
45%
Bolt
44%
Conductor Whiskers
44%
Willie
44%
Kathmandu
43%
Senor Don Gato
43%
Dottie
41%
Rascal
41%
Mack
40%
Saint Purrtrick
39%
Cocoa
37%
No matching quizzes found
Score Distribution
Percent of People with Each Score
Percentile by Number Answered
Your Score History
You have not taken this quiz since the last reset